[Event "XVIII Open"]
[Site "Pula"]
[Date "2004.06.24"]
[Round "7"]
[White "Zelcic, Robert"]
[Black "Jovanic, Ognjen"]
[Result "1/2-1/2"]
[WhiteElo "2509"]
[BlackElo "2435"]
[PlyCount "110"]
[EventDate "2004.06.19"]
[Source "Roberto Alvarez"]
[SourceDate "2004.06.28"]

1. e4 e5 2. Nf3 Nc6 3. Bc4 Nf6 4. d4 exd4 5. e5 Ng4 6. O-O d6 7. exd6 Qxd6 8. Re1+ Be7 9. Bg5 O-O 10. Bxe7 Nxe7 11. Qxd4 Qxd4 12. Nxd4 Nf5 13. Nxf5 Bxf5 14. h3 Nf6 15. Re7 Rae8 16. Rxe8 Rxe8 17. Na3 Rd8 18. Re1 Kf8 19. g4 Bc8 20. Nb5 c6 21. Nxa7 Bd7 22. Re3 Be8 23. Rb3 b5 24. Bd3 Ke7 25. g5 Nd5 26. Be4 Ke6 27. Rd3 Rb8 28. Nxb5 Rxb5 29. c4 Rc5 30. cxd5+ cxd5 31. Bf3 Bc6 32. Kg2 Ke5 33. b4 Rc2 34. b5 Bb7 35. a4 Ra2 36. Bd1 d4+ 37. Kg3 Be4 38. f4+ Kd5 39. Bb3+ Kc5 40. Bxa2 Bxd3 41. Bxf7 Bc2 42. f5 Bxa4 43. Be8 d3 44. f6 gxf6 45. gxf6 d2 46. Bh5 Bb3 47. Be2 Kd6 48. Kf4 Bc4 49. Bd1 Bxb5 50. Kg5 Be8 51. Kh6 Ke5 52. Kg7 Kf4 53. Kxh7 Kg3 54. Bg4 Bd7 55. Bd1 Be6 1/2-1/2

[Event "Leon"]
[Site "Leon"]
[Date "1990.??.??"]
[Round "5"]
[White "Magem Badals, Jordi"]
[Black "Braga, Fernando"]
[Result "0-1"]
[WhiteElo "2460"]
[BlackElo "2480"]
[PlyCount "42"]
[EventDate "1990.06.??"]
[Source "ChessBase"]

1. e4 e5 2. Nf3 Nc6 3. Bc4 Nf6 4. d4 exd4 5. e5 d5 6. Bb5 Ne4 7. Nxd4 Bc5 8. Be3 O-O 9. Nxc6 bxc6 10. Bxc5 Nxc5 11. Bxc6 Ba6 12. Nc3 d4 13. Nd5 Ne6 14. Qg4 Rb8 15. O-O-O Bb5 16. Nb4 Qe7 17. Nd5 Qc5 18. Nf6+ Kh8 19. Qf5 g6 20. Qh3 Ng5 21. Qg3 Bxc6 0-1

[Event "Open"]
[Site "Limhamn op"]
[Date "1994.??.??"]
[Round "?"]
[White "Hector, Jonny"]
[Black "Lejlic, Samir"]
[Result "1/2-1/2"]
[WhiteElo "2515"]
[BlackElo "2420"]
[PlyCount "86"]
[EventDate "1994.??.??"]
[Source "www.chesslib.no"]
[SourceDate "2004.05.04"]

1. e4 e5 2. Nf3 Nc6 3. Bc4 Nf6 4. d4 exd4 5. e5 Ng4 6. Bxf7+ Kxf7 7. Ng5+ Kg8 8. Qf3 Bb4+ 9. c3 Qe7 10. O-O h6 11. cxb4 Nxh2 12. Qb3+ Kf8 13. Qh3 Kg8 14. Qb3+ Kf8 15. Qh3 Ng4 16. Qf3+ Kg8 17. Qb3+ Kf8 18. Qf3+ Ke8 19. Qxg4 hxg5 20. Bxg5 Qxe5 21. Bf4 Qh5 22. Re1+ Kf7 23. Qxh5+ Rxh5 24. Bxc7 Nxb4 25. Na3 b5 26. Rad1 Rd5 27. Re5 a6 28. Rxd5 Nxd5 29. Bd6 Bb7 30. Nc2 Rh8 31. Nxd4 Rh6 32. Bg3 Bc6 33. Nf3 Kg8 34. Ne5 Rh5 35. Rc1 Nb4 36. Ra1 Rf5 37. a3 Nd5 38. Rc1 Rf6 39. Rc5 Nb6 40. Rc2 Rd6 41. Nxc6 Rxc6 42. Rd2 Rc5 43. Rd6 Rc6 1/2-1/2

[Event "Yerevan ol (Men)"]
[Site "Yerevan"]
[Date "1996.??.??"]
[Round "7"]
[White "Grosar, Aljosa"]
[Black "Barcenilla, Rogelio"]
[Result "0-1"]
[WhiteElo "2485"]
[BlackElo "2450"]
[PlyCount "150"]
[EventDate "1996.09.??"]
[Source "www.chesslib.no"]
[SourceDate "2004.05.04"]

1. e4 e5 2. Nf3 Nc6 3. Bc4 Nf6 4. d4 exd4 5. e5 d5 6. Bb5 Ne4 7. Nxd4 Bd7 8. Bxc6 bxc6 9. O-O Be7 10. f3 Nc5 11. f4 Ne4 12. Nc3 Nxc3 13. bxc3 c5 14. Nb3 c4 15. Nd4 c5 16. Ne2 Bc6 17. Be3 Qc7 18. Ng3 g6 19. Qe1 h5 20. Ne2 Bd7 21. Rd1 Qc6 22. Qd2 Be6 23. f5 gxf5 24. Bg5 h4 25. Bxe7 Kxe7 26. Qg5+ Kd7 27. Nf4 Rag8 28. Qf6 h3 29. g3 Kc8 30. Rd2 d4 31. cxd4 cxd4 32. Rxd4 Rxg3+ 33. hxg3 h2+ 34. Kf2 h1=Q 35. Rxh1 Qxh1 36. Ng2 Rg8 37. Qe7 Qb1 38. Qxa7 Qxc2+ 39. Kf1 Qb1+ 40. Kf2 Qb2+ 41. Kf3 Qb7+ 42. Qxb7+ Kxb7 43. Nf4 Rc8 44. Nxe6 fxe6 45. Ke2 Kb6 46. Kd2 Kc5 47. Kc3 Rg8 48. Rxc4+ Kd5 49. Rd4+ Kxe5 50. Rd3 Ra8 51. Kd2 Rxa2+ 52. Ke3 Ra4 53. Rb3 Kf6 54. Rb6 Re4+ 55. Kf3 Kg5 56. Ra6 Kf6 57. Ra5 Rd4 58. Ra6 Ke5 59. Ke3 Rd6 60. Ra4 Rb6 61. Ra5+ Kf6 62. Kf3 Rb3+ 63. Kf2 e5 64. Ra6+ Kg5 65. Re6 e4 66. Re8 Rb2+ 67. Ke3 Kg4 68. Rg8+ Kh3 69. Rg5 Rb3+ 70. Ke2 Rf3 71. Ke1 Kg2 72. Ke2 Rf2+ 73. Ke3 Kf1 74. g4 Rf3+ 75. Kd4 e3 0-1

[Event "Chigorin mem op"]
[Site "St Petersburg"]
[Date "2000.11.04"]
[Round "4"]
[White "Shaposhnikov, Evgeny"]
[Black "Varavin, Viktor"]
[Result "1/2-1/2"]
[WhiteElo "2544"]
[BlackElo "2390"]
[PlyCount "33"]
[EventDate "2000.10.31"]
[Source "www.chesslib.no"]
[SourceDate "2004.05.04"]

1. e4 e5 2. Nf3 Nc6 3. Bc4 Nf6 4. d4 exd4 5. e5 d5 6. Bb5 Ne4 7. Nxd4 Bc5 8. Be3 O-O 9. Nxc6 bxc6 10. Bxc5 Nxc5 11. Bxc6 Rb8 12. O-O Ba6 13. Re1 Rxb2 14. Qxd5 Rxc2 15. Na3 Rc3 16. Qxd8 Rxd8 17. Nb5 1/2-1/2

[Event "Zhong Hong Real Estate Cup"]
[Site "Beijing"]
[Date "2001.07.27"]
[Round "8"]
[White "Zhang Pengxiang"]
[Black "Datu, Idelfonso"]
[Result "1-0"]
[WhiteElo "2487"]
[BlackElo "2445"]
[PlyCount "157"]
[EventDate "2001.07.20"]
[Source "ChessBase"]
[SourceDate "2001.11.13"]

1. e4 e5 2. Nf3 Nc6 3. Bc4 Nf6 4. d4 exd4 5. e5 d5 6. Bb5 Ne4 7. Nxd4 Bc5 8. Be3 O-O 9. Nxc6 bxc6 10. Bxc5 Nxc5 11. Bxc6 Rb8 12. O-O Rxb2 13. Bxd5 Bf5 14. Na3 Bd3 15. Bxf7+ Rxf7 16. cxd3 Qd4 17. Nc2 Qxd3 18. Rc1 Qxd1 19. Rfxd1 Ne6 20. a3 Rf5 21. Rd5 Rf4 22. g3 Rc4 23. Rd2 g5 24. Kg2 Rc5 25. Kf1 Rxe5 26. Rcd1 Rc5 27. Nb4 Rxd2 28. Rxd2 a5 29. Nd5 Kf7 30. Kg2 Rc4 31. Ne3 Rd4 32. Rb2 Rd3 33. Nc4 Rc3 34. Nxa5 Rxa3 35. Nc4 Rc3 36. Ne3 Rd3 37. Kf3 Rd4 38. h3 Kf6 39. Ra2 Rd7 40. Ra6 Rd6 41. Ra2 Kg6 42. Ke4 Nc5+ 43. Kf3 Rf6+ 44. Kg2 Rd6 45. Ra7 Ne6 46. Kf3 h5 47. Ra5 Nd4+ 48. Kg2 Ne6 49. h4 g4 50. Re5 c5 51. Kf1 Ra6 52. Ke1 Ra1+ 53. Kd2 Ra2+ 54. Kd3 Ng7 55. Nd1 Ra1 56. Nc3 Ra5 57. Kc4 Ra1 58. Rg5+ Kh6 59. Rxc5 Rf1 60. Ne4 Rc1+ 61. Kd5 Rxc5+ 62. Nxc5 Kg6 63. Ne6 Nf5 64. Nf4+ Kh6 65. Ke5 Ne7 66. Kf6 Nc8 67. Ke6 Nb6 68. Nd3 Nc4 69. Ne5 Nb2 70. Kf6 Nd1 71. Nf7+ Kh7 72. Ng5+ Kh6 73. Ne4 Nb2 74. Nd6 Nd3 75. Nf5+ Kh7 76. Kg5 Nxf2 77. Kxh5 Kh8 78. Kg5 Kh7 79. Ne3 1-0

[Event "Berliner Sommer"]
[Site "Berlin GER"]
[Date "1993.??.??"]
[Round "6"]
[White "Hector, Jonny"]
[Black "Arbakov, Valentin"]
[Result "0-1"]
[WhiteElo "2470"]
[BlackElo "2460"]
[PlyCount "158"]
[EventDate "1993.08.??"]
[Source "www.chesslib.no"]
[SourceDate "2004.05.04"]

1. e4 e5 2. Nf3 Nc6 3. Bc4 Nf6 4. d4 exd4 5. e5 Ng4 6. Bxf7+ Kxf7 7. Ng5+ Ke8 8. Qxg4 d6 9. Qe4 dxe5 10. Nxh7 Be6 11. Ng5 Qd5 12. Nd2 Qxe4+ 13. Ndxe4 Bd5 14. O-O Kd7 15. b3 Be7 16. c4 Bg8 17. f4 Rf8 18. Bd2 exf4 19. Bxf4 Rh5 20. Bd2 Rxf1+ 21. Rxf1 a5 22. g4 Rh6 23. Kg2 Nb4 24. Rd1 c5 25. a4 Rb6 26. Bf4 Na2 27. Nd2 Bxg5 28. Bxg5 Re6 29. Rf1 Re2+ 30. Kg3 Nc3 31. Rf8 Be6 32. Rb8 Kc6 33. Kf3 Rxh2 34. Bf4 Rh3+ 35. Kg2 Bxg4 36. Rd8 Ne2 37. Bh2 Rh6 38. Ra8 Rg6 39. Rxa5 Bh5+ 40. Kf2 Nc1 41. Ra8 Nd3+ 42. Kf1 Bg4 43. Kg2 Bd7+ 44. Bg3 Re6 45. Nf1 Re2+ 46. Kf3 Rb2 47. Rg8 Bh3 48. Rxg7 Kb6 49. Bc7+ Ka7 50. Ng3 Rxb3 51. Ne4 Bd7 52. a5 Bc6 53. Bb6+ Rxb6 54. axb6+ Kxb6 55. Re7 Nb2 56. Ke2 Nxc4 57. Kd3 Kb5 58. Re6 Kb4 59. Nd6 Bd5 60. Rh6 Nxd6 61. Rxd6 Bc4+ 62. Kd2 b5 63. Ra6 Bb3 64. Rd6 Kc4 65. Rd8 Ba2 66. Rd6 Bb1 67. Rd8 b4 68. Kc1 Be4 69. Kd2 b3 70. Rb8 Bc6 71. Rb6 Bb5 72. Rb8 Kb4 73. Rd8 Ba4 74. Rb8+ Ka3 75. Kd3 b2 76. Kc4 Ka2 77. Kxc5 d3 78. Kc4 d2 79. Kc3 d1=Q 0-1

[Event "ESP Team Ch"]
[Site "ESP"]
[Date "1990.??.??"]
[Round "?"]
[White "Magem Badals, Jordi"]
[Black "Hector, Jonny"]
[Result "1-0"]
[WhiteElo "2460"]
[BlackElo "2465"]
[PlyCount "81"]
[EventDate "1990.??.??"]
[Source "www.chesslib.no"]
[SourceDate "2004.05.04"]

1. e4 e5 2. Nf3 Nc6 3. Bc4 Nf6 4. d4 exd4 5. e5 d5 6. Bb5 Ne4 7. Nxd4 Bc5 8. Be3 Bd7 9. Bxc6 bxc6 10. Nd2 Qh4 11. O-O Bb6 12. N2b3 Qe7 13. Re1 Qxe5 14. f3 c5 15. Ne2 Nf6 16. Bxc5 Kd8 17. Nc3 Qg5 18. Qd4 Re8 19. Rxe8+ Kxe8 20. Re1+ Kd8 21. a4 Bh3 22. Re2 Be6 23. a5 Bxc5 24. Qxc5 Nd7 25. Qc6 Rc8 26. Nb5 Ne5 27. Qc3 f6 28. Nxa7 Rb8 29. Nc6+ Nxc6 30. Qxc6 Bd7 31. Qc5 Kc8 32. a6 c6 33. Qd6 d4 34. Nc5 Qd5 35. Qxd5 cxd5 36. Re7 Bc6 37. b3 Rb5 38. Ne6 Bd7 39. Nxd4 Ra5 40. Rxg7 h5 41. Rh7 1-0

[Event "Ljubljana op 13th"]
[Site "Ljubljana"]
[Date "2002.06.26"]
[Round "5"]
[White "Zelcic, Robert"]
[Black "Mazi, Leon"]
[Result "1-0"]
[WhiteElo "2547"]
[BlackElo "2378"]
[PlyCount "85"]
[EventDate "2002.06.22"]
[Source "ChessBase"]
[SourceDate "2002.07.08"]

1. e4 e5 2. Nf3 Nc6 3. Bc4 Nf6 4. d4 exd4 5. e5 Ng4 6. O-O d6 7. e6 fxe6 8. Ng5 Nge5 9. Bxe6 h6 10. Bxc8 Qxc8 11. Ne4 Qg4 12. f3 Qg6 13. Nbd2 d5 14. Nf2 Bc5 15. f4 Nd7 16. Qe2+ Kd8 17. Nd3 Bd6 18. Nf3 Re8 19. Qf2 Re4 20. Bd2 a5 21. a3 a4 22. Rae1 Ra6 23. Bb4 Nxb4 24. axb4 Bxf4 25. Nxd4 Bg5 26. Nf5 Rxe1 27. Rxe1 Re6 28. Rf1 Rf6 29. h4 Be3 30. Qxe3 Rxf5 31. Nf4 Qf6 32. Ne6+ Kc8 33. Rxf5 Qxf5 34. Nxg7 Qg6 35. Nf5 Qf7 36. Nxh6 Qf8 37. Qe6 c6 38. c3 Qf4 39. h5 Qc1+ 40. Kh2 Qxb2 41. Nf7 Qd2 42. Qe8+ Kc7 43. Qd8# 1-0

[Event "Ikaria op"]
[Site "Ikaria"]
[Date "1997.??.??"]
[Round "8"]
[White "Tzermiadianos, Andreas"]
[Black "Atalik, Suat"]
[Result "0-1"]
[WhiteElo "2370"]
[BlackElo "2555"]
[PlyCount "84"]
[EventDate "1997.??.??"]
[Source "www.chesslib.no"]
[SourceDate "2004.05.04"]

1. e4 e5 2. Nf3 Nc6 3. Bc4 Nf6 4. d4 exd4 5. e5 Ng4 6. Qe2 Qe7 7. Bf4 d6 8. exd6 cxd6 9. Nbd2 Bf5 10. Nb3 Qxe2+ 11. Bxe2 d3 12. cxd3 Nge5 13. Kd2 Be7 14. d4 Ng6 15. Be3 Be4 16. Ne1 Nh4 17. f3 Bd5 18. Bd3 Nb4 19. Bb1 O-O 20. Rf1 Bc4 21. Rg1 Rfe8 22. g3 Nd5 23. Be4 Nxe3 24. Kxe3 Bg5+ 25. Kf2 d5 26. gxh4 Bxh4+ 27. Ke3 f5 28. Nd2 Bb5 29. Nd3 dxe4 30. fxe4 Rad8 31. Nf4 Bf6 32. d5 Bd7 33. Rac1 Bc8 34. b3 fxe4 35. Nh5 Bb2 36. Rc2 Rxd5 37. Nf4 Bd4+ 38. Ke2 Rf5 39. Rf1 Rff8 40. Rc4 Bg4+ 41. Ke1 Be3 42. h3 Bxf4 0-1

[Event "Lushki A"]
[Site "Serpukhov"]
[Date "2004.11.28"]
[Round "13"]
[White "Palekha, Alexey"]
[Black "Tomashevsky, Evgeny"]
[Result "1/2-1/2"]
[WhiteElo "2400"]
[BlackElo "2523"]
[PlyCount "76"]
[EventDate "2004.11.19"]
[Source "Roberto Alvarez"]
[SourceDate "2004.12.06"]

1. e4 e5 2. Nf3 Nc6 3. Bc4 Nf6 4. d4 exd4 5. e5 d5 6. Bb5 Ne4 7. Nxd4 Bd7 8. Bxc6 bxc6 9. O-O Bc5 10. f3 Ng5 11. f4 Ne4 12. Be3 Bb6 13. Nd2 Nxd2 14. Qxd2 c5 15. Nf3 d4 16. Bf2 Bc6 17. f5 Bxf3 18. gxf3 Qd5 19. Bh4 Kd7 20. Qf4 Rae8 21. Rfe1 Kc6 22. Kh1 Kb7 23. b3 Rhg8 24. Rad1 Qc6 25. Re4 c4 26. Bf2 cxb3 27. cxb3 g5 28. fxg6 Rxg6 29. Ree1 Reg8 30. Qe4 Rg2 31. Bxd4 Rxa2 32. Bxb6 axb6 33. Rc1 Qxe4 34. Rxe4 Rgg2 35. Rh4 Rgf2 36. Rxh7 Ka6 37. Rxf7 Rxh2+ 38. Kg1 Rhg2+ 1/2-1/2

[Event "RUS-Cup07"]
[Site "Tomsk"]
[Date "1998.07.21"]
[Round "7"]
[White "Karpatchev, Aleksandr"]
[Black "Frolov, Denis"]
[Result "1/2-1/2"]
[WhiteElo "2570"]
[BlackElo "2350"]
[PlyCount "94"]
[EventDate "1998.07.15"]
[Source "ChessBase"]
[SourceDate "1998.11.30"]

1. e4 e5 2. Nf3 Nc6 3. Bc4 Nf6 4. d4 exd4 5. e5 d5 6. Bb5 Ne4 7. Nxd4 Bc5 8. Be3 Bd7 9. Bxc6 bxc6 10. Nd2 Nxd2 11. Qxd2 Qe7 12. Nb3 Bb6 13. O-O O-O 14. Qc3 f6 15. f4 fxe5 16. fxe5 Rfe8 17. Bc5 Qg5 18. Rae1 Re6 19. Qf3 Qe7 20. Qe3 Re8 21. Bxe7 Bxe3+ 22. Rxe3 R6xe7 23. Nc5 Bc8 24. Rfe1 Bf5 25. c3 Be4 26. e6 Bf5 27. h3 h5 28. Kf2 h4 29. Re5 g6 30. Ke3 Bxe6 31. Kf4 Kf7 32. Kg5 Bf5 33. Rxe7+ Rxe7 34. Rxe7+ Kxe7 35. Kxh4 Kd6 36. b4 Ke5 37. Kg5 d4 38. cxd4+ Kxd4 39. h4 Bb1 40. Ne6+ Kc4 41. a3 a5 42. bxa5 Kb5 43. Nd4+ Kxa5 44. Nxc6+ Kb5 45. Nd4+ Ka4 46. Ne6 c6 47. g4 Kxa3 1/2-1/2

[Event "CZE-chT 9798"]
[Site "CZE"]
[Date "1998.02.07"]
[Round "6"]
[White "Palkovi, Jozsef"]
[Black "Mokry, Karel"]
[Result "1/2-1/2"]
[WhiteElo "2420"]
[BlackElo "2500"]
[PlyCount "20"]
[EventDate "1997.??.??"]
[Source "www.chesslib.no"]
[SourceDate "2004.05.04"]

1. e4 e5 2. Nf3 Nc6 3. Bc4 Nf6 4. d4 exd4 5. e5 d5 6. Bb5 Ne4 7. Nxd4 Bd7 8. Bxc6 bxc6 9. O-O Be7 10. f3 Nc5 1/2-1/2

[Event "EU-chT5 corr9498"]
[Site "?"]
[Date "1994.??.??"]
[Round "1.5"]
[White "Smith, Peter W.H"]
[Black "Marczell, Peter"]
[Result "1/2-1/2"]
[WhiteElo "2460"]
[BlackElo "2460"]
[PlyCount "76"]
[EventDate "1994.??.??"]
[Source "www.chesslib.no"]
[SourceDate "2004.05.04"]

1. e4 e5 2. Nf3 Nc6 3. Bc4 Nf6 4. d4 exd4 5. e5 Ng4 6. Qe2 Qe7 7. Bf4 f6 8. exf6 Nxf6 9. Nbd2 d6 10. Nb3 Bg4 11. Qxe7+ Bxe7 12. Nbxd4 Nxd4 13. Nxd4 d5 14. Bb5+ c6 15. Nxc6 bxc6 16. Bxc6+ Kf7 17. Bxa8 Rxa8 18. f3 Bf5 19. O-O-O Rc8 20. c3 Bc5 21. g4 Bg6 22. h4 h6 23. h5 Bh7 24. g5 hxg5 25. Bxg5 d4 26. h6 Bf5 27. hxg7 Kxg7 28. c4 d3 29. b3 Ba3+ 30. Kd2 Re8 31. Kc3 a5 32. Bd2 Re2 33. Kd4 Nd7 34. Rhe1 Ne5 35. Rxe2 dxe2 36. Rg1+ Kf6 37. Bc3 Ke6 38. Rh1 Bb2 1/2-1/2

[Event "Mind Sports Games - Blitz Team"]
[Site "Pechino CINA"]
[Date "2008.10.13"]
[Round "2"]
[White "Martin del Campo, R."]
[Black "Friedel, J."]
[Result "0-1"]
[WhiteElo "2420"]
[BlackElo "2498"]
[PlyCount "54"]
[EventDate "2008.10.13"]
[Source "www.chesslib.no"]
[SourceDate "2004.05.04"]

1. e4 e5 2. Nf3 Nc6 3. Bc4 Nf6 4. d4 exd4 5. e5 d5 6. Bb5 Ne4 7. Nxd4 Bc5 8. Be3 O-O 9. Nxc6 bxc6 10. Bxc5 Nxc5 11. Bxc6 Ba6 12. Nc3 d4 13. Ne4 Nxe4 14. Bxe4 Rb8 15. b3 Re8 16. f4 Rxe5 17. fxe5 Qh4+ 18. g3 Qxe4+ 19. Kf2 Qe3+ 20. Kg2 Bb7+ 21. Kh3 Bf3 22. Qc1 Qxe5 23. Qf4 Qh5+ 24. Qh4 Bg4+ 25. Kg2 Qd5+ 26. Kg1 Bf3 27. Kf2 Bxh1 0-1

[Event "MK Cafe Cup-B"]
[Site "Koszalin"]
[Date "1999.08.13"]
[Round "10"]
[White "Gurevich, Vladimir"]
[Black "Gajsin, Evgenij"]
[Result "0-1"]
[WhiteElo "2520"]
[BlackElo "2398"]
[PlyCount "101"]
[EventDate "1999.08.03"]
[Source "www.chesslib.no"]
[SourceDate "2004.05.04"]

1. e4 e5 2. Nf3 Nc6 3. Bc4 Nf6 4. d4 exd4 5. e5 d5 6. Bb5 Nd7 7. O-O Be7 8. Bxc6 bxc6 9. Nxd4 Nb8 10. Qf3 Qd7 11. e6 fxe6 12. Re1 Qd6 13. Bf4 Qb4 14. Qc3 O-O 15. Bxc7 Qb7 16. Qg3 Bf6 17. Be5 c5 18. Nf3 Nd7 19. Bxf6 Nxf6 20. b3 Ne4 21. Qe5 Rf5 22. Qb2 Qb4 23. c3 Qa5 24. b4 Qb6 25. Nbd2 Bb7 26. Re3 Raf8 27. Rae1 e5 28. Nxe4 dxe4 29. Qb3+ Kh8 30. Rxe4 Bxe4 31. Rxe4 cxb4 32. Rxb4 Qg6 33. h3 Qd6 34. Qc2 Rf4 35. Rxf4 Rxf4 36. Qe2 Qd5 37. Qa6 Qc5 38. Qb7 Rf8 39. c4 Qxc4 40. Qxa7 Qc1+ 41. Kh2 e4 42. Nd4 Qf4+ 43. Kh1 Qxf2 44. Qe7 e3 45. a4 Qf1+ 46. Kh2 Qf4+ 47. Kg1 Rc8 48. Qxg7+ Kxg7 49. Ne6+ Kg8 50. Nxf4 Rc1+ 51. Kh2 0-1

[Event "Atom Cup GM 1st"]
[Site "Paks"]
[Date "1996.??.??"]
[Round "?"]
[White "Palkovi, Jozsef"]
[Black "Petronic, Jovan"]
[Result "0-1"]
[WhiteElo "2480"]
[BlackElo "2435"]
[PlyCount "120"]
[EventDate "1996.09.??"]
[Source "www.chesslib.no"]
[SourceDate "2004.05.04"]

1. e4 e5 2. Nf3 Nc6 3. Bc4 Nf6 4. d4 exd4 5. e5 d5 6. Bb5 Ne4 7. Nxd4 Bc5 8. Be3 Bxd4 9. Qxd4 O-O 10. Bxc6 bxc6 11. Nc3 Ng5 12. O-O-O Ne6 13. Qa4 Bd7 14. Qa3 a5 15. f4 f5 16. Na4 Qb8 17. Bc5 Rf7 18. Qe3 Bc8 19. b3 Ba6 20. a3 Bb5 21. Nb2 a4 22. b4 Qb7 23. Rhg1 Qa6 24. Rd2 Re8 25. Nd1 Bc4 26. Bd4 Qc8 27. Rf2 Qd7 28. Qc3 Qe7 29. Qe3 Qh4 30. h3 Ref8 31. Qd2 Qe7 32. Qe3 Qd7 33. g3 c5 34. bxc5 Rb8 35. Nc3 Qc6 36. g4 Qb7 37. gxf5 Rxf5 38. Rfg2 g6 39. Rg4 Kf7 40. Kd2 Qa6 41. Qf2 Rf8 42. R1g3 Ke8 43. Rf3 g5 44. h4 h5 45. Rxg5 Rxf4 46. Rxf4 Rxf4 47. Rg8+ Ke7 48. Qg3 Rxd4+ 49. Kc1 Rg4 50. Rxg4 hxg4 51. Qxg4 Qa8 52. Qf3 Qh8 53. Nxd5+ Bxd5 54. Qxd5 Qxh4 55. Kb2 Qd4+ 56. Qxd4 Nxd4 57. Kc3 Nc6 58. Kc4 Kd7 59. Kb5 Nxe5 60. Kxa4 Kc6 0-1

[Event "Herson"]
[Site "?"]
[Date "1989.??.??"]
[Round "?"]
[White "Gurevich, V."]
[Black "Romanishin, O."]
[Result "0-1"]
[WhiteElo "2395"]
[BlackElo "2520"]
[PlyCount "74"]
[EventDate "1989.??.??"]
[Source "ChessBase"]
[SourceDate "1989.07.01"]

1. e4 e5 2. Nf3 Nc6 3. Bc4 Nf6 4. d4 exd4 5. e5 Ne4 6. Bd5 Nc5 7. O-O Be7 8. Qe2 O-O 9. Rd1 Qe8 10. Bf4 Ne6 11. Bg3 Kh8 12. Nbd2 f5 13. exf6 Bxf6 14. Re1 Qg6 15. Qc4 Qh5 16. a4 a6 17. a5 Ne7 18. Bxe6 dxe6 19. Qxc7 Nc6 20. Qb6 Qd5 21. Qb3 Bd7 22. Nc4 Rad8 23. Nfd2 Bc8 24. Nb6 Qxb3 25. Nxb3 Nb4 26. Re2 Nd5 27. Nc4 Bd7 28. Nd6 Bc6 29. Nc5 e5 30. Ndxb7 Bxb7 31. Nxb7 Rb8 32. Nc5 Rxb2 33. Nd3 Nc3 34. Rxe5 Bxe5 35. Nxb2 Ne2+ 36. Kh1 Nxg3+ 37. hxg3 d3 0-1

[Event "Copenhagen Open 16th"]
[Site "Copenhagen DEN"]
[Date "1994.??.??"]
[Round "5"]
[White "Borge, Nikolai"]
[Black "Hector, Jonny"]
[Result "0-1"]
[WhiteElo "2400"]
[BlackElo "2515"]
[PlyCount "58"]
[EventDate "1994.06.??"]
[Source "www.chesslib.no"]
[SourceDate "2004.05.04"]

1. e4 e5 2. Nf3 Nc6 3. Bc4 Nf6 4. d4 exd4 5. e5 Ng4 6. Qe2 Qe7 7. Bf4 f6 8. exf6 gxf6 9. Nbd2 d6 10. Nb3 Nce5 11. O-O Nxc4 12. Qxc4 Ne5 13. Qxd4 Bg7 14. Qc3 O-O 15. Nbd4 c5 16. Qb3+ Rf7 17. Ne2 Be6 18. Qc3 d5 19. Nh4 d4 20. Qg3 Kh8 21. Bc1 Rg8 22. Nf4 Bh6 23. Qa3 Bg5 24. Nxe6 Qxe6 25. Nf3 Bxc1 26. Nxe5 Rfg7 27. g3 Bf4 28. Nf3 Qh3 29. Ne1 Be3 0-1

[Event "Bled op18th"]
[Site "Bled"]
[Date "1997.??.??"]
[Round "8"]
[White "Sveshnikov, Evgeny"]
[Black "Mazi, Leon"]
[Result "1-0"]
[WhiteElo "2560"]
[BlackElo "2355"]
[PlyCount "68"]
[EventDate "1997.03.15"]
[Source "ChessBase"]

1. e4 e5 2. Nf3 Nc6 3. Bc4 Nf6 4. d4 exd4 5. e5 Ne4 6. O-O d5 7. exd6 Nxd6 8. Bd5 Nf5 9. Re1+ Be7 10. Bxc6+ bxc6 11. g4 O-O 12. gxf5 c5 13. Qd3 Bb7 14. c4 a5 15. Bf4 Bd6 16. Bg3 Qf6 17. Nbd2 Rfe8 18. Nh4 Qh6 19. Ne4 Be7 20. Ng2 Qh5 21. f6 gxf6 22. Bxc7 Kh8 23. Bg3 Rg8 24. f3 Rg7 25. Nd2 Bf8 26. Re2 f5 27. Rae1 f6 28. Nf4 Qh4 29. Rg2 Qh6 30. Qxf5 Bd6 31. Ne6 Bxg3 32. hxg3 Re8 33. Ne4 Bc8 34. N4xc5 Rg5 1-0

[Event "Guillermo Garcia Alfil"]
[Site "Santa Clara"]
[Date "2002.05.21"]
[Round "3"]
[White "Neubauer, Martin"]
[Black "Del Rio Angelis, Salvador Gabriel"]
[Result "1/2-1/2"]
[WhiteElo "2418"]
[BlackElo "2495"]
[PlyCount "80"]
[EventDate "2002.05.04"]
[Source "ChessBase"]
[SourceDate "2002.07.08"]

1. e4 e5 2. Nf3 Nc6 3. Bc4 Nf6 4. d4 exd4 5. e5 Ng4 6. Qe2 Qe7 7. Bf4 d6 8. exd6 Qxe2+ 9. Bxe2 Bxd6 10. Bxd6 cxd6 11. Na3 Nge5 12. Nb5 d3 13. cxd3 Ke7 14. Kd2 Be6 15. Rhe1 Kd7 16. Nfd4 a6 17. Nxc6 Nxc6 18. Nc3 Nd4 19. Bd1 b5 20. Ne2 Nxe2 21. Bxe2 Bd5 22. g3 f5 23. d4 Rhe8 24. Bd3 Rxe1 25. Rxe1 g6 26. a3 Rc8 27. Rc1 Bc4 28. Bxc4 bxc4 29. b3 cxb3 30. Rxc8 Kxc8 31. Kc3 Kc7 32. Kxb3 Kc6 33. Kc4 d5+ 34. Kb4 Kb6 35. f4 a5+ 36. Ka4 Ka6 37. h3 h5 38. h4 Kb6 39. Kb3 Kb5 40. a4+ Kc6 1/2-1/2

[Event "UTD GM Invitational"]
[Site "Richardson USA"]
[Date "2007.12.07"]
[Round "2"]
[White "Stopa, Ja"]
[Black "Schneider, Dm"]
[Result "1/2-1/2"]
[WhiteElo "2410"]
[BlackElo "2502"]
[PlyCount "94"]
[EventDate "2007.12.06"]
[Source "www.chesslib.no"]
[SourceDate "2004.05.04"]

1. e4 e5 2. Nf3 Nc6 3. Bc4 Nf6 4. d4 exd4 5. e5 d5 6. Bb5 Ne4 7. Nxd4 Bd7 8. Bxc6 bxc6 9. O-O Bc5 10. f3 Ng5 11. f4 Ne4 12. Be3 Bb6 13. Nd2 Nxd2 14. Qxd2 c5 15. Nf3 d4 16. Bf2 Bc6 17. f5 Bxf3 18. gxf3 Qd5 19. Qg5 Kd7 20. Bg3 Rhg8 21. a4 a5 22. Rae1 Kc6 23. e6 fxe6 24. Re5 Qc4 25. fxe6 Kb7 26. Qf5 Qxa4 27. b3 Qc6 28. e7 g6 29. Qf7 Rge8 30. Kg2 a4 31. bxa4 Qxa4 32. Rf2 c4 33. Rfe2 c3 34. Bf2 Qc6 35. Re6 Qd7 36. Qf4 Ra5 37. Qe4+ Qd5 38. Qd3 Qb5 39. Qe4+ Qd5 40. Qd3 Qg5+ 41. Bg3 Qf5 42. R6e4 Qb5 43. Qd1 Qd7 44. Qd3 Qb5 45. Qd1 Qd7 46. Qd3 Qb5 47. Qd1 Qd7 1/2-1/2

[Event "XI Festival"]
[Site "Voronezh RUS"]
[Date "2007.06.20"]
[Round "8"]
[White "Kiselev, G."]
[Black "Chadaev, N."]
[Result "1-0"]
[WhiteElo "2424"]
[BlackElo "2486"]
[PlyCount "95"]
[EventDate "2007.06.12"]
[Source "www.chesslib.no"]
[SourceDate "2004.05.04"]

1. e4 e5 2. Nf3 Nc6 3. Bc4 Nf6 4. d4 exd4 5. e5 d5 6. Bb5 Ne4 7. Nxd4 Bd7 8. Bxc6 bxc6 9. O-O Bc5 10. Be3 Bb6 11. f3 Nc5 12. f4 Qe7 13. Nc3 O-O 14. Qd2 f6 15. b4 fxe5 16. fxe5 Ne6 17. Na4 Rac8 18. Nxe6 Qxe6 19. Rxf8+ Rxf8 20. Re1 Bc8 21. Bd4 Rf5 22. c3 Ba6 23. Qe3 h6 24. Nb2 Qf7 25. h3 Rf1+ 26. Rxf1 Qxf1+ 27. Kh2 Qe2 28. Qxe2 Bxe2 29. Kg3 g5 30. Kf2 Ba6 31. Nd1 Kf7 32. Ne3 Bc8 33. Kg3 Kg6 34. h4 Be6 35. hxg5 Kxg5 36. Kf3 h5 37. g3 a5 38. a3 axb4 39. axb4 Bf7 40. Ng2 c5 41. bxc5 Ba5 42. Nh4 Kh6 43. Nf5+ Kh7 44. Ne7 Be8 45. e6 c6 46. Kf4 Bc7+ 47. Be5 Ba5 48. Nf5 1-0

[Event "Budapest Tungsram"]
[Site "Budapest HUN"]
[Date "1973.??.??"]
[Round "13"]
[White "Sax, Gyula"]
[Black "Lengyel, Levente"]
[Result "1/2-1/2"]
[WhiteElo "2460"]
[BlackElo "2450"]
[PlyCount "61"]
[EventDate "1973.??.??"]
[Source "www.chesslib.no"]
[SourceDate "2004.05.04"]

1. e4 e5 2. Nf3 Nc6 3. Bc4 Nf6 4. d4 exd4 5. Ng5 d5 6. exd5 Qe7+ 7. Kf1 Ne5 8. Qxd4 Nxc4 9. Qxc4 Qc5 10. Qxc5 Bxc5 11. Nc3 Bf5 12. Bf4 O-O 13. Bxc7 h6 14. Nf3 Bxc2 15. Ne1 Bf5 16. Rd1 Rac8 17. Be5 Rfd8 18. Bxf6 gxf6 19. g4 Bg6 20. f4 f5 21. g5 Bb4 22. h4 Bh5 23. Rd4 Bxc3 24. bxc3 Rxc3 25. Rh2 Rd6 26. gxh6 Kh7 27. Rc2 Ra3 28. Kf2 Kxh6 29. Nd3 Ra5 30. Nb4 Ra3 31. Nd3 1/2-1/2

[Event "6th Dubai Open"]
[Site "Dubai"]
[Date "2004.04.22"]
[Round "4.9"]
[White "Wong Zi Jing"]
[Black "Kuzmin, Alexey"]
[Result "0-1"]
[WhiteElo "2339"]
[BlackElo "2567"]
[PlyCount "53"]
[EventDate "2004.04.19"]
[Source "Roberto Alvarez"]
[SourceDate "2004.05.03"]

1. e4 e5 2. Nf3 Nc6 3. Bc4 Nf6 4. d4 exd4 5. e5 Ne4 6. Qe2 Nc5 7. c3 d3 8. Qe3 Ne6 9. Nbd2 d5 10. exd6 Bxd6 11. O-O O-O 12. Ne4 Bf4 13. Qxd3 Qxd3 14. Bxd3 Bxc1 15. Rfxc1 Nf4 16. Bc4 Bg4 17. Nd4 Ne5 18. Bf1 Rad8 19. f3 Bh5 20. Re1 Rfe8 21. Rad1 Bg6 22. b3 Nh3+ 23. gxh3 Rxd4 24. Rxd4 Nxf3+ 25. Kf2 Nxe1 26. Kxe1 Bxe4 27. Kd2 0-1